| 000 | 00469cam a22001932a 4500 | ||
|---|---|---|---|
| 001 | 010594 | ||
| 003 | AR-FADEU | ||
| 008 | 311216n1974####xxu####################dd | ||
| 092 |
_aD346.5 _bM841-2 |
||
| 100 | _aMorello, Augusto Marío | ||
| 245 | _aIndemnización del daño contractual | ||
| 250 | _a2a. ed | ||
| 260 | _aBuenos Aires | ||
| 260 | _bAbeledo-Perrot | ||
| 260 | _c1974 | ||
| 300 | _a376 p | ||
| 650 | _aRESPONSABILIDAD CONTRACTUAL | ||
| 942 | _cBDGR | ||
| 999 |
_c16379 _d16379 |
||